[Event "Schachzwerge Magdeb.-Borussia Lichtenber"]
[Site "?"]
[Date "2022.09.18"]
[Round "4.3"]
[White "Ali, Maha"]
[Black "Lahne, Paula"]
[Result "1-0"]
[WhiteElo "600"]
[BlackElo "904"]
[PlyCount "77"]
[EventDate "2022.??.??"]
[WhiteTeam "Borussia Lichtenberg"]
[BlackTeam "Schachzwerge Magdeb."]

1. e4 e5 2. Nf3 Nc6 3. Bc4 Bc5 4. c3 Nf6 5. d3 d6 6. Bb3 Bg4 7. h3 Bh5 8. Nbd2
Qd7 9. Nf1 O-O-O 10. Bg5 h6 11. Bh4 g5 12. g4 Bg6 13. Bg3 d5 14. Qe2 Rde8 15.
h4 d4 16. hxg5 hxg5 17. Nxg5 dxc3 18. bxc3 Nxg4 19. O-O-O f6 20. Rh4 fxg5 21.
Rxg4 Bh5 22. Nh2 Bxg4 23. Nxg4 Na5 24. Nf6 Nxb3+ 25. axb3 Qe6 26. Nxe8 Rxe8 27.
d4 exd4 28. cxd4 Bb4 29. Qc2 Re7 30. Kb1 Qa6 31. Rc1 Qa5 32. Qc4 c6 33. d5 c5
34. Bd6 Rf7 35. Qe2 Qa6 36. Qg4+ Kd8 37. Qe6 Rxf2 38. Qe7+ Kc8 39. Qc7# 1-0

[Event "TSG Oberschöneweide-SchVgg Blankenese"]
[Site "?"]
[Date "2022.09.18"]
[Round "4.1"]
[White "Polster, Martha"]
[Black "Le, Thao-Linh"]
[Result "0-1"]
[WhiteElo "858"]
[BlackElo "1182"]
[PlyCount "112"]
[EventDate "2022.??.??"]
[WhiteTeam "SchVgg Blankenese"]
[BlackTeam "TSG Oberschöneweide"]

1. e4 e5 2. Nf3 Nf6 3. Nxe5 d6 4. Nf3 Nxe4 5. Bc4 d5 6. Bb3 Nc6 7. O-O Bf5 8.
Re1 Be7 9. d3 Nf6 10. Nc3 O-O 11. Bf4 Bd6 12. Bg5 Be7 13. Ne5 h6 14. Bh4 Re8
15. Qf3 Bh7 16. Nxd5 Nxd5 17. Bxe7 Nxe5 18. Rxe5 Nxe7 19. Bxf7+ Kh8 20. Bxe8
Qd6 21. Qf8+ Ng8 22. Rae1 Qxf8 23. Ba4 Nf6 24. h3 Qd6 25. Bb3 Qd7 26. Be6 Qc6
27. Bb3 Re8 28. Re6 Rxe6 29. Rxe6 Qd7 30. Re3 Qd4 31. c3 Qd7 32. Be6 Qb5 33. b3
Bxd3 34. c4 Qa5 35. Rxd3 Qe1+ 36. Kh2 Qxe6 37. a4 Qe2 38. Rf3 Qe5+ 39. Kh1 a6
40. Re3 Qb2 41. Re7 Qxb3 42. Rxc7 Qxa4 43. Rxb7 Qxc4 44. Rb8+ Kh7 45. Rb1 a5
46. g4 Qe4+ 47. Kh2 Qxb1 48. g5 hxg5 49. h4 gxh4 50. f4 a4 51. f5 Qxf5 52. Kg2
a3 53. Kg1 Qf3 54. Kh2 Ng4+ 55. Kg1 Qf2+ 56. Kh1 Qh2# 0-1

[Event "TSG Oberschöneweide-SchVgg Blankenese"]
[Site "?"]
[Date "2022.09.18"]
[Round "4.2"]
[White "Weng, Yueyi Elina"]
[Black "Kail, Oleksandra"]
[Result "1-0"]
[WhiteElo "779"]
[BlackElo "600"]
[PlyCount "67"]
[EventDate "2022.??.??"]
[WhiteTeam "TSG Oberschöneweide"]
[BlackTeam "SchVgg Blankenese"]

1. e4 e5 2. Nf3 Nc6 3. d4 d5 4. Nxe5 dxe4 5. Nxc6 bxc6 6. Nc3 c5 7. d5 Nf6 8.
Bg5 Bf5 9. Bb5+ Bd7 10. Bxf6 Qxf6 11. Bxd7+ Kxd7 12. O-O Bd6 13. Nxe4 Qe5 14.
Nxd6 cxd6 15. Re1 Qxb2 16. Qe2 Rhe8 17. Qa6 Qb6 18. Qa4+ Kc7 19. Rxe8 Rxe8 20.
Qxe8 Kb7 21. Qe1 Ka6 22. Rb1 Qb7 23. Rxb7 Kxb7 24. Qe7+ Kb6 25. Qxd6+ Kb5 26.
Qb8+ Kc4 27. d6 Kc3 28. d7 Kxc2 29. Qc7 Kb2 30. d8=R Kxa2 31. Qxa7+ Kb3 32.
Qxc5 Ka4 33. Rb8 f6 34. Qa7# 1-0

[Event "TSG Oberschöneweide-SchVgg Blankenese"]
[Site "?"]
[Date "2022.09.18"]
[Round "4.3"]
[White "Fettan, Nua"]
[Black "Ruddat, Maila"]
[Result "1-0"]
[WhiteElo "600"]
[BlackElo "924"]
[PlyCount "85"]
[EventDate "2022.??.??"]
[WhiteTeam "SchVgg Blankenese"]
[BlackTeam "TSG Oberschöneweide"]

1. e4 e5 2. Nf3 Nc6 3. Nc3 Nf6 4. Bb5 Bc5 5. d3 a6 6. Bxc6 dxc6 7. O-O Bg4 8.
Na4 Bb6 9. Nxb6 cxb6 10. h3 Bxf3 11. Qxf3 Qd7 12. Bg5 Qe6 13. Rad1 h6 14. Bh4
g5 15. Bg3 Nd7 16. Rd2 Qxa2 17. b3 O-O-O 18. Qf5 Qa5 19. Rdd1 Qc3 20. Rc1 Rhf8
21. Qh7 Rh8 22. Qxf7 Rdf8 23. Qe7 Re8 24. Qd6 Qc5 25. Qg6 Qd4 26. h4 Rhg8 27.
Qe6 gxh4 28. Bxh4 Rg7 29. Bf6 Rgg8 30. Bg7 Rxg7 31. Qxh6 Rg3 32. Qh8 Kc7 33. c3
Rxg2+ 34. Kxg2 Qxd3 35. Qh7 Qd6 36. Rcd1 Qe6 37. Rd2 Qxb3 38. Qxd7+ Kb8 39.
Qd8+ Ka7 40. Rfd1 Qxc3 41. Rb1 Qc2 42. Qxb6+ Kb8 43. Qxb7# 1-0

[Event "TSG Oberschöneweide-SchVgg Blankenese"]
[Site "?"]
[Date "2022.09.18"]
[Round "4.4"]
[White "Rabus, Luise"]
[Black "Chen, Anqi"]
[Result "1-0"]
[WhiteElo "828"]
[BlackElo "600"]
[PlyCount "75"]
[EventDate "2022.??.??"]
[WhiteTeam "TSG Oberschöneweide"]
[BlackTeam "SchVgg Blankenese"]

1. e4 e5 2. Nc3 Nf6 3. f4 Nc6 4. Nf3 exf4 5. d4 Bb4 6. Bxf4 d6 7. Bc4 O-O 8.
Qd2 Nxe4 9. Qd3 Bf5 10. O-O Qe7 11. Nxe4 Bxe4 12. Qe2 Bc5 13. dxc5 dxc5 14.
Rad1 Rfe8 15. Rfe1 h6 16. Bd3 Nd4 17. Nxd4 cxd4 18. Bxe4 Qxe4 19. Qxe4 Rxe4 20.
Rxe4 c5 21. a3 Rd8 22. b4 b6 23. c3 dxc3 24. Rxd8+ Kh7 25. Re1 cxb4 26. axb4 a5
27. bxa5 b5 28. Rb8 g5 29. Bc1 f5 30. Rxb5 f4 31. a6 h5 32. h3 g4 33. hxg4 hxg4
34. a7 Kg6 35. a8=Q Kf6 36. Qa6+ Kf7 37. Rb7+ Kf8 38. Qa8# 1-0

[Event "Delmenhorster SK-SC Weisse Dame.II"]
[Site "?"]
[Date "2022.09.18"]
[Round "4.1"]
[White "Fedorova, Mariia"]
[Black "Rabe, Elina"]
[Result "1-0"]
[WhiteElo "836"]
[BlackElo "842"]
[PlyCount "63"]
[EventDate "2022.??.??"]
[WhiteTeam "SC Weisse Dame.II"]
[BlackTeam "Delmenhorster SK"]

1. e4 e5 2. f4 d5 3. Nc3 Nf6 4. d3 Bb4 5. Bd2 d4 6. Nce2 Bxd2+ 7. Qxd2 Nc6 8.
O-O-O O-O 9. Nf3 Be6 10. b3 Qd6 11. fxe5 Qa3+ 12. Kb1 Nb4 13. c3 dxc3 14. Nxc3
Nd7 15. Nb5 Qa5 16. d4 c5 17. d5 Bg4 18. Rc1 Bxf3 19. gxf3 Nxe5 20. Rxc5 Nxf3
21. Qf2 b6 22. Rc3 Nh4 23. Re3 Rfc8 24. Bc4 a6 25. Nd6 Rc7 26. Re2 g5 27. Rf1
Raa7 28. Nxf7 Rxf7 29. d6 Kf8 30. Bxf7 Nd3 31. Qf6 Ra8 32. Be6+ 1-0

[Event "Delmenhorster SK-SC Weisse Dame.II"]
[Site "?"]
[Date "2022.09.18"]
[Round "4.2"]
[White "Anders, Lia"]
[Black "Dinges, Mara"]
[Result "1-0"]
[WhiteElo "600"]
[BlackElo "797"]
[PlyCount "83"]
[EventDate "2022.??.??"]
[WhiteTeam "Delmenhorster SK"]
[BlackTeam "SC Weisse Dame.II"]

1. e4 e5 2. Nc3 Nc6 3. f4 Bc5 4. Nf3 exf4 5. d4 Bb6 6. Bxf4 Nf6 7. e5 Ng4 8.
Bg5 f6 9. exf6 gxf6 10. Bf4 Qe7+ 11. Be2 d6 12. Qd2 Be6 13. h3 f5 14. d5 Nd4
15. Nxd4 Bf7 16. hxg4 fxg4 17. O-O-O O-O-O 18. Bxg4+ Kb8 19. Rde1 Qf8 20. Bf5
Re8 21. Rxe8+ Qxe8 22. Rxh7 Rg8 23. Be6 Bg6 24. Bxg8 Bxh7 25. Bxh7 Qh8 26. Qe3
a6 27. Nce2 Qxh7 28. Qe8+ Ka7 29. Qc8 Ba5 30. c3 Qd3 31. b4 Bb6 32. Qe6 a5 33.
bxa5 Bxa5 34. g4 c5 35. Nb3 Bb6 36. g5 c4 37. Nd2 Qxc3+ 38. Nxc3 Ba5 39. Nb5+
Ka6 40. Nxd6 c3 41. g6 cxd2+ 42. Bxd2 1-0

[Event "Delmenhorster SK-SC Weisse Dame.II"]
[Site "?"]
[Date "2022.09.18"]
[Round "4.3"]
[White "Schumacher, Barbara"]
[Black "Eitel, Liz"]
[Result "0-1"]
[WhiteElo "785"]
[BlackElo "600"]
[PlyCount "43"]
[EventDate "2022.??.??"]
[WhiteTeam "SC Weisse Dame.II"]
[BlackTeam "Delmenhorster SK"]

1. e4 e5 2. Nc3 Bc5 3. Be2 d6 4. Nf3 Nc6 5. O-O Nf6 6. d3 Be6 7. Be3 Bb4 8. a3
Bc5 9. b4 Bd4 10. Nb5 O-O 11. c3 Bb6 12. a4 a5 13. Bg5 axb4 14. cxb4 Nxb4 15.
Nc3 h6 16. Bh4 Ra5 17. Rb1 Nc6 18. Nb5 Rxa4 19. Qxa4 g5 20. Bg3 Nd7 21. d4 f6
22. dxe5 {Rest nicht lesbar} 0-1